Statistiques concernant Êtes-vous rapide ? Test de rapidité azaz

Cliquez ici pour prendre le quiz!

Statistiques générales

  • Ce quiz a été pris 353 fois
  • Le résultat moyen est 8 sur 13

Statistiques - réponses

LettresRéponse% Correct
AzazAzaz
100%
BybyByby
96%
CxcxCxcx
93%
DwdwDwdw
89%
EvevEvev
87%
FufuFufu
84%
GtgtGtgt
73%
HshsHshs
60%
IrirIrir
51%
JqjqJqjq
34%
KpkpKpkp
16%
LoloLolo
11%
MnmnMnmn
6%

Distribution des résultats

Percentile par nombre de réponses

% des personnes avec chaque résultat

Votre développement - résultats

Vous n’avez pas pris ce quiz